Teoría cuántica relativista
Uloženo v:
| Hlavní autoři: | , |
|---|---|
| Další autoři: | |
| Médium: | Kniha |
| Jazyk: | španělština |
| Vydáno: |
Barcelona
Reverté
1971
|
| Edice: | Curso de Física Teórica
|
| Témata: | |
| Tagy: |
Přidat tag
Žádné tagy, Buďte první, kdo vytvoří štítek k tomuto záznamu!
|
MARC
| LEADER | 00000nam a2200000 a 4500 | ||
|---|---|---|---|
| 001 | UCT1054 | ||
| 003 | CL-VaPUC | ||
| 008 | 960913e19710000SP |||||||||||||||||spa|d | ||
| 082 | 0 | 4 | |a 530.12 |b BER |2 21 |
| 100 | 0 | |a Berestetskii, V. B |e author |9 369748 | |
| 700 | |a Lifshitz, Eugenii Mikhailovich |e autor |9 561317 | ||
| 700 | 0 | |a Pitaevskii, L. P |e author |9 369750 | |
| 245 | 1 | 0 | |a Teoría cuántica relativista |
| 300 | |a v | ||
| 942 | |c BK | ||
| 945 | |d 19960913 00:00:00 |a paguirre | ||
| 260 | |a Barcelona |b Reverté |c 1971 | ||
| 650 | 0 | |a Física |9 227844 | |
| 650 | 0 | |a Teoría cuántica |9 266148 | |
| 650 | 7 | |a FOTONES |2 CL-VaPUC |9 322929 | |
| 650 | 0 | |a partículas elementales |9 349874 | |
| 650 | 7 | |a RADIACION COSMICA |2 CL-VaPUC |9 360127 | |
| 650 | 7 | |a ELECTRONES |2 CL-VaPUC |9 322158 | |
| 650 | 0 | |a Relatividad general (Física) |9 338525 | |
| 583 | |a last modification |c 19960913 00:00:00 |k Rodrigo Vera | ||
| 490 | 0 | |a Curso de Física Teórica | |
| 999 | |c 251723 |d 251721 | ||
| 952 | |0 0 |1 0 |4 0 |6 530_120000000000000_BER_1971 |7 0 |8 A |9 271078 |a BIBCUR |b BIBCUR |d 2019-11-19 |h v.4 p.1 |i 1798057 |o 530.12 BER 1971 |p 1798057 |r 2025-04-22 |w 2019-11-19 |y BK |k FIS | ||